Bolivar en México: 1799-1832

Guardat en:
Dades bibliogràfiques
Autor principal: Valle, Rafael Heliodoro (Autor)
Format: Llibre
Idioma:espanyol
Publicat: Ciudad de México Secretaría de Relaciones Exteriores 1946
Col·lecció:Archivo Histórico Diplomático Mexicano. Segunda, 2
Matèries:
Etiquetes: Afegir etiqueta
Sense etiquetes, Sigues el primer a etiquetar aquest registre!

MARC

LEADER 00000nam a2200000 a 4500
001 UCO1002
003 CL-VaPUC
008 000505e19460000MX |||||||||||||||||spa|d
082 0 4 |a 972.04  |b VAL  |2 21 
100 0 |a Valle, Rafael Heliodoro  |e author  |9 442722 
245 1 0 |a Bolivar en México: 1799-1832 
300 |a 141 p 
942 |c BK 
945 |d 20000505 00:00:00  |a crobeson 
260 |a Ciudad de México  |b Secretaría de Relaciones Exteriores  |c 1946 
600 0 |a Bolívar, Simón   |d 1783-1830  |9 265422 
650 7 |a HISTORIA MEXICANA  |2 CL-VaPUC  |9 333909 
650 7 |a HISTORIA 1799-1832  |2 CL-VaPUC  |9 442723 
650 0 |a Correspondencia  |9 258963 
651 0 |a México  |9 255269 
583 |a last modification  |c 20000505 00:00:00  |k Rodrigo Vera 
490 0 |a Archivo Histórico Diplomático Mexicano. Segunda, 2 
999 |c 287637  |d 287635 
952 |0 0  |1 0  |4 0  |6 972_040000000000000_VAL_1946  |7 0  |8 X  |9 334580  |a BIBHIS  |b BIBHIS  |d 2019-11-20  |i 1272616  |o 972.04 VAL 1946  |p 1272616  |r 2024-01-30  |w 2019-11-20  |y BK_X  |k HIS